Strategia zarzadzania przedsiebiorstwem

Uložené v:
Podrobná bibliografia
Médium: Kniha
Jazyk:Polish
Vydavateľské údaje: Poznan Akademia Ekon. 1991
Vydanie:1. wyd.
Edícia:Zeszyty naukowe Zeszyt 160
Tagy: Pridať tag
Žiadne tagy, Buďte prvý, kto otaguje tento záznam!

MARC

LEADER 00000nam a2200000 4500
001 c040267
005 20260121072129.8
041 0 |a pol 
044 |a PL 
245 1 0 |a Strategia zarzadzania przedsiebiorstwem 
250 |a 1. wyd. 
264 1 |a Poznan  |b Akademia Ekon.  |c 1991 
300 |a 81 s. 
490 1 |a Zeszyty naukowe  |v Zeszyt 160 
830 0 |a Zeszyty naukowe  |v Zeszyt 160